| 000 | 01137naa a22003017a 4500 | ||
|---|---|---|---|
| 001 | BR6010167 | ||
| 003 | BR-BrBNA | ||
| 005 | 20240918173151.0 | ||
| 007 | ta | ||
| 008 | 230509b bl.||||| |||| 00| 0 por d | ||
| 040 |
_aBR-BrBNA _bpor _cBiblioteca Nacional de Agricultura |
||
| 041 | _a(Pt) | ||
| 072 |
_aF70 _b2790 _bG514 |
||
| 090 | _aF70 BR6010167 | ||
| 100 | 1 | _aNeto Filho, A.S. | |
| 111 | 1 |
_a4. Congresso Nacional de Botanica _cRecife, PE (Brazil) _d19 Jan 1953 |
|
| 245 | 1 | _aAlgumas Daturas de Lineu em Porto Alegre [Planta produtora de droga; Brasil] | |
| 260 | 3 |
_aRecife, PE (Brasil): _bInstituto de Pesquisas Agronomicas, _c1953. |
|
| 500 | _aAnais do 4. Congresso Nacional de Botanica Recife, PE (Brasil): Instituto de Pesquisas Agronomicas, 1953. p. 295-313 (BR6010167-AM)F70 | ||
| 650 | _aTaxonomia vegetal | ||
| 650 | _aSolanacea | ||
| 650 | _aPlanta produtora de droga | ||
| 650 | _aPorto Alegre | ||
| 650 | _aRio Grande do Sul | ||
| 773 | 0 |
_tAnais do 4. Congresso Nacional de Botanica _wF70 BR6010167 _gRecife, PE (Brasil), 1953. p. 295-313 |
|
| 909 |
_a202404 _bLucia _c55 _dLucia Elande |
||
| 942 |
_cAM _2AGRIS |
||
| 999 |
_c303248 _d303248 |
||